000 01597nam a2200265 i 4500
001 189932
003 ES-MaACL
005 20250508130110.0
007 t|
008 200127s1920 sp s |||| | spa d
080 _a061.21(460.27) Ateneo (058.7)"1920"
110 2 _aAteneo de Madrid.
_91875
245 1 0 _aLista de señores socios, abril 1920 [
_hRecurso electrónico] /
_cAteneo Científico, Literario y Artístico de Madrid.
246 3 _aJunta de Gobierno .
_bSecciones [
_hFotocopias]
260 _aMadrid :
_b[s.n.],
_c1920 (
_fGráf. Ambos Mundos)
300 _a[136 p. ;
_c12 cm]
505 8 _aContiene: Lista de los señores presidentes que ha tenido desde su fundación el Ateneo de Madrid - Junta de Gobierno - Secciones - Lista de señores socios por orden alfabético: Socios de mérito; Socios honorarios; Socios de número - Relación del número de socios que han ingresado en el Ateneo desde su fundación, por orden correlativo de antigüedad - Revistas que se reciben en la Biblioteca del Ateneo en 1º de abril de 1920 - Catálogo de los retratos existentes en el Ateneo de Madrid
505 8 _aContiene: Junta de Gobierno . Secciones [10 h. fotocopiadas]
610 2 4 _aAteneo de Madrid-
_vListas de socios.
_91928
610 2 4 _aAteneo de Madrid-
_vObras digitalizadas.
_91930
852 4 _aES-MaACL
_j2343-F-28
_zRevisado enlace: 7 de mayo de 2025
_cDEPOF
_q(Junta de Gobierno . Secciones; 10 h. fotocopiadas)
856 4 _uhttps://www.ateneodemadrid.com/old/biblioteca_digital/folletos/Socios-1920.pdf
_yVer documento
942 _2udc
999 _c189932
_d189932